Texte deutscher Lieder: ein Handbuch

Salvato in:
Dettagli Bibliografici
Autore principale: Fischer-Dieskau, Dietrich (Autore)
Natura: Libro
Lingua:tedesco
Pubblicazione: Múnich Deutscher Taschenbuch 1969
Edizione:2a. ed
Soggetti:
Tags: Aggiungi Tag
Nessun Tag, puoi essere il primo ad aggiungerne!!

MARC

LEADER 00000nam a2200000 a 4500
001 UCN3158
003 CL-VaPUC
008 010622e19690000GW |||||||||||||||||ger|d
082 0 4 |a 782.420943  |b FIS  |2 21 
100 0 |a Fischer-Dieskau, Dietrich  |e author  |9 459506 
245 1 0 |a Texte deutscher Lieder: ein Handbuch 
250 |a 2a. ed 
300 |a 474 p 
942 |c BK 
945 |d 20010622 00:00:00  |a crobeson 
260 |a Múnich  |b Deutscher Taschenbuch  |c 1969 
650 7 |a CANCIONES ALEMANAS - HISTORIA Y CRITICA  |2 CL-VaPUC  |9 459507 
650 7 |a MUSICA ALEMANA - MANUALES  |2 CL-VaPUC  |9 459508 
650 0 |a Compositores alemanes  |9 324765 
583 |a last modification  |c 20010622 00:00:00  |k Rodrigo Vera 
999 |c 296083  |d 296081 
952 |0 0  |1 0  |4 0  |6 782_420943000000000_FIS_1969  |7 0  |8 A  |9 349678  |a BIBEDU  |b BIBEDU  |d 2019-11-20  |i 1188216  |o 782.420943 FIS 1969  |p 1188216  |r 2022-01-17  |w 2019-11-20  |y BK  |k MUS